[Event "GER-ch Seniors 65 31st"]
[Site "Radebeul"]
[Date "2019.05.02"]
[Round "7"]
[White "Selig, Rainer"]
[Black "Leiber, Bernhard"]
[Result "1-0"]
[WhiteElo "2048"]
[BlackElo "2110"]
[PlyCount "193"]
[EventDate "2019.04.26"]
[EventType "swiss"]
[EventRounds "9"]
[EventCountry "GER"]
[SourceTitle "CBM 190 Extra"]
[Source "ChessBase"]
[SourceDate "2019.07.15"]
[SourceVersion "1"]
[SourceVersionDate "2019.07.15"]
[SourceQuality "1"]

1. d4 Nf6 2. c4 e6 3. Nc3 Bb4 4. Qc2 c5 5. dxc5 Na6 6. Nf3 Nxc5 7. e3 Nce4 8. Bd3 Nxc3 9. bxc3 Be7 10. 0-0 Qc7 11. e4 e5 12. a4 0-0 13. a5 d6 14. Qe2 Nd7 15. Be3 Nc5 16. Bc2 Bd7 17. Nd2 Ne6 18. g3 Bf6 19. Ra3 Rfe8 20. Ba4 Qxa5 21. Rfa1 Qc7 22. Bxd7 Qxd7 23. Rxa7 Rxa7 24. Rxa7 Qc6 25. Qd3 g6 26. Qd5 Nd8 27. Nb3 Qc7 28. c5 Be7 29. Na5 dxc5 30. Nxb7 Nc6 31. Nd8 Qxd8 32. Qxc6 Qb8 33. Rc7 Bf8 34. Kg2 Re6 35. Rc8 Rxc6 36. Rxb8 Kg7 37. c4 Ra6 38. Rb5 Rc6 39. Kf3 Kf6 40. g4 Bd6 41. h4 h5 42. g5+ Ke6 43. Ke2 Kd7 44. Kd3 Rc7 45. Ra5 Be7 46. Ke2 Rc6 47. Kf3 Kd6 48. Ra7 Ke6 49. Ra5 Bd6 50. Rb5 Kd7 51. Ra5 Rc7 52. Rb5 Kc6 53. Ra5 Rb7 54. Ra6+ Kd7 55. Ra5 Rb3 56. Kg2 Kc6 57. Ra7 Bc7 58. Bxc5 Rc3 59. Be3 Rxc4 60. Kf3 Rc3 61. Ra6+ Kd7 62. Kg2 Bd6 63. Ra7+ Ke6 64. Ra6 Kd7 65. Ra7+ Rc7 66. Ra5 Rb7 67. Ra6 Be7 68. Kf3 Rc7 69. Ra5 Bd6 70. Rb5 Rc6 71. Ra5 Bc7 72. Ra7 Ke6 73. Rb7 Bd8 74. Rb8 Be7 75. Re8 Kd7 76. Ra8 f6 77. Rg8 fxg5 78. hxg5 Bb4 79. Rg7+ Ke8 80. Kg3 Kf8 81. Rb7 Bd6 82. Rd7 Be7 83. Rd5 Bd6 84. Rb5 Kf7 85. Rb7+ Be7 86. Kg2 Ke6 87. Rb5 Bd6 88. Rb7 Bc7 89. Rb5 Bd6 90. Ra5 Bb4 91. Rb5 Bc3 92. Rb7 Bd4 93. Rg7 Bxe3 94. Rxg6+ Kd7 95. Rxc6 Kxc6 96. fxe3 Kd6 97. Kg3 1-0

[Event "GER-ch Seniors 65 31st"]
[Site "Radebeul"]
[Date "2019.04.29"]
[Round "4"]
[White "Leiber, Bernhard"]
[Black "Bondick, Karl Heinz"]
[Result "1-0"]
[WhiteElo "2110"]
[BlackElo "1948"]
[PlyCount "65"]
[EventDate "2019.04.26"]
[EventType "swiss"]
[EventRounds "9"]
[EventCountry "GER"]
[SourceTitle "CBM 190 Extra"]
[Source "ChessBase"]
[SourceDate "2019.07.15"]
[SourceVersion "1"]
[SourceVersionDate "2019.07.15"]
[SourceQuality "1"]

1. d4 d5 2. Nf3 Nf6 3. c4 dxc4 4. e3 Be6 5. Na3 c5 6. Nxc4 cxd4 7. exd4 g6 8. Be2 Bg7 9. 0-0 0-0 10. Bf4 Nc6 11. Nce5 Qb6 12. Nxc6 bxc6 13. Qc2 Rfd8 14. Rfd1 Rac8 15. Be5 Bd5 16. b3 Ne4 17. Bc4 f6 18. Qxe4 fxe5 19. dxe5 e6 20. Qe2 Rf8 21. Rac1 Rce8 22. Nd4 Rf4 23. Bxd5 cxd5 24. Rc6 Qb8 25. Rxe6 Rxe6 26. Nxe6 Re4 27. Qxe4 dxe4 28. Rd8+ Qxd8 29. Nxd8 Bxe5 30. Nc6 Bc3 31. Nxa7 Kf7 32. Nb5 Bd2 33. Nd6+ 1-0

[Event "GER-ch Seniors 65"]
[Site "Hamburg"]
[Date "2018.07.26"]
[Round "6"]
[White "Leiber, Bernhard"]
[Black "Dresen, Ulrich"]
[Result "1/2-1/2"]
[WhiteElo "2113"]
[BlackElo "2252"]
[PlyCount "149"]
[EventDate "2018.07.21"]
[EventType "swiss"]
[EventRounds "9"]
[EventCountry "GER"]
[SourceTitle "CBM 186 Extra"]
[Source "ChessBase"]
[SourceDate "2018.08.24"]
[SourceVersion "1"]
[SourceVersionDate "2018.08.24"]
[SourceQuality "1"]

1. d4 d5 2. Nf3 Nf6 3. c4 e6 4. Nc3 Be7 5. Bf4 0-0 6. e3 Nbd7 7. Bd3 c5 8. Rc1 cxd4 9. exd4 dxc4 10. Bxc4 Nb6 11. Bd3 Nbd5 12. Bd2 b6 13. 0-0 Bb7 14. Re1 Rc8 15. Bb1 a6 16. Qe2 Nxc3 17. bxc3 b5 18. Qd3 Qd5 19. Bg5 g6 20. Qd2 Rfe8 21. Re5 Qd8 22. Qe2 Bd5 23. Nd2 Nd7 24. Bxe7 Rxe7 25. Re3 Nf6 26. f3 Rec7 27. Ne4 Bc4 28. Qd2 Rd7 29. Ree1 b4 30. cxb4 Rxd4 31. Qe3 Nxe4 32. Bxe4 Rc7 33. a3 Qd6 34. Bc2 Rd7 35. Rcd1 e5 36. Rc1 f6 37. Ba4 Bb5 38. Bb3+ Kg7 39. Rc3 Rd3 40. Rxd3 Qxd3 41. a4 Qxe3+ 42. Rxe3 Bd3 43. Kf2 Rd4 44. Ke1 g5 45. g3 Bg6 46. b5 axb5 47. axb5 Rb4 48. Bd1 Rxb5 49. Rb3 Ra5 50. Be2 f5 51. Rb2 Kf6 52. Kf2 Rc5 53. Rb6+ Ke7 54. Rb2 Kd6 55. Rd2+ Kc6 56. Ra2 Rc3 57. Rd2 f4 58. gxf4 gxf4 59. Rd8 Rc2 60. Rc8+ Kd5 61. Rxc2 Bxc2 62. Ba6 Kd4 63. Bb7 Bf5 64. Ba6 Bh3 65. Bb7 h5 66. Be4 h4 67. Bb7 Be6 68. Ba6 Bd5 69. Bc8 e4 70. fxe4 Kxe4 71. Ba6 f3 72. Bc8 Kf4 73. Bd7 Be4 74. Bc8 Bd3 75. Bd7 1/2-1/2

[Event "GER-ch Seniors 65"]
[Site "Hamburg"]
[Date "2018.07.25"]
[Round "5"]
[White "Gerhardt, Peter Michael"]
[Black "Leiber, Bernhard"]
[Result "0-1"]
[WhiteElo "2007"]
[BlackElo "2113"]
[PlyCount "82"]
[EventDate "2018.07.21"]
[EventType "swiss"]
[EventRounds "9"]
[EventCountry "GER"]
[SourceTitle "CBM 186 Extra"]
[Source "ChessBase"]
[SourceDate "2018.08.24"]
[SourceVersion "1"]
[SourceVersionDate "2018.08.24"]
[SourceQuality "1"]

1. d4 Nf6 2. Nf3 e6 3. g3 c5 4. Bg2 Nc6 5. 0-0 cxd4 6. Nxd4 Bc5 7. e3 0-0 8. Nb3 Bb6 9. N1d2 d5 10. c4 e5 11. cxd5 Nxd5 12. Nc4 Nde7 13. Nxb6 Qxb6 14. Qe2 Be6 15. Nd2 Rac8 16. b3 Rfd8 17. Bb2 f6 18. Rfc1 a5 19. Ne4 Nb4 20. Nc3 Nd3 21. Rd1 Nxb2 22. Qxb2 Qb4 23. Ne2 a4 24. Rxd8+ Rxd8 25. Qc3 Qb5 26. Qc7 Rd7 27. Qc2 axb3 28. axb3 Bxb3 29. Qb2 Bc4 30. Qxb5 Bxb5 31. Nc3 Ba6 32. Bh3 Rd6 33. Ne4 Rc6 34. Bd7 Rc7 35. Be6+ Kf8 36. Rd1 Nc6 37. Nc5 Ke7 38. Bg8 Be2 39. Rd2 Bf3 40. Bd5 Bxd5 41. Rxd5 Nb4 0-1

[Event "GER-ch Seniors 65"]
[Site "Hamburg"]
[Date "2018.07.24"]
[Round "4"]
[White "Leiber, Bernhard"]
[Black "Lainburg, Viktor"]
[Result "1-0"]
[WhiteElo "2113"]
[BlackElo "1958"]
[PlyCount "41"]
[EventDate "2018.07.21"]
[EventType "swiss"]
[EventRounds "9"]
[EventCountry "GER"]
[SourceTitle "CBM 186 Extra"]
[Source "ChessBase"]
[SourceDate "2018.08.24"]
[SourceVersion "1"]
[SourceVersionDate "2018.08.24"]
[SourceQuality "1"]

1. d4 d5 2. Nf3 Nf6 3. c4 dxc4 4. e3 a6 5. Bxc4 b5 6. Bd3 e6 7. 0-0 Bd7 8. e4 Be7 9. Nbd2 0-0 10. e5 Nd5 11. Ne4 a5 12. Neg5 g6 13. h4 Re8 14. h5 Bf8 15. Nxf7 Kxf7 16. hxg6+ Kg7 17. Ng5 h6 18. Qh5 Nf6 19. Qh3 Ng8 20. Nf7 Qe7 21. Bxh6+ 1-0

[Event "GER-ch Seniors 65"]
[Site "Hamburg"]
[Date "2018.07.22"]
[Round "2"]
[White "Leiber, Bernhard"]
[Black "Zimmermann, Manfred"]
[Result "1/2-1/2"]
[WhiteElo "2113"]
[BlackElo "1957"]
[PlyCount "92"]
[EventDate "2018.07.21"]
[EventType "swiss"]
[EventRounds "9"]
[EventCountry "GER"]
[SourceTitle "CBM 186 Extra"]
[Source "ChessBase"]
[SourceDate "2018.08.24"]
[SourceVersion "1"]
[SourceVersionDate "2018.08.24"]
[SourceQuality "1"]

1. d4 Nf6 2. Nf3 e6 3. g3 d5 4. Bg2 c5 5. 0-0 Nc6 6. c3 Be7 7. Nbd2 0-0 8. a3 b6 9. b4 cxd4 10. cxd4 Bb7 11. Bb2 Rc8 12. e3 h6 13. Qb3 Bd6 14. Rfd1 Qe7 15. Ne5 Rc7 16. Rac1 Rfc8 17. Nd3 Nb8 18. b5 Nbd7 19. f4 Ne4 20. Rxc7 Rxc7 21. Ne5 Ndf6 22. Qd3 Qd8 23. Rc1 Qc8 24. Rxc7 Qxc7 25. Nef3 Nd7 26. Bf1 f5 27. Qb3 Ndf6 28. Nxe4 Nxe4 29. Bd3 Kf7 30. Kg2 Nf6 31. h3 Ne4 32. Qa4 Ba8 33. Ne5+ Kg8 34. Qd1 Bxe5 35. fxe5 g6 36. a4 Qe7 37. Qe1 Qc7 38. Qb4 Qg7 39. Ba3 Bb7 40. a5 g5 41. a6 Bc8 42. Qe7 Qxe7 43. Bxe7 Kf7 44. Bb4 Bd7 45. g4 Kg6 46. Be2 Kf7 1/2-1/2

[Event "Schleswig Holstein-ch Seniors op 11th"]
[Site "Buesum"]
[Date "2017.09.11"]
[Round "4"]
[White "Szenetra, Werner"]
[Black "Leiber, Bernhard"]
[Result "1/2-1/2"]
[WhiteElo "2148"]
[BlackElo "2074"]
[PlyCount "110"]
[EventDate "2017.09.08"]
[EventType "swiss"]
[EventRounds "9"]
[EventCountry "GER"]
[SourceTitle "EXT 2019"]
[Source "ChessBase"]
[SourceDate "2018.10.10"]
[SourceVersion "1"]
[SourceVersionDate "2018.10.10"]
[SourceQuality "1"]

1. Nf3 d5 2. g3 Nc6 3. Bg2 e5 4. d3 Nf6 5. 0-0 Bc5 6. Nxe5 Nxe5 7. d4 Bd6 8. dxe5 Bxe5 9. c4 dxc4 10. Qxd8+ Kxd8 11. Na3 c3 12. bxc3 Bxc3 13. Rb1 c6 14. Rb3 Ba5 15. Nc4 Bc7 16. Rd1+ Ke8 17. Nd6+ Bxd6 18. Rxd6 Nd5 19. Ba3 f6 20. e4 Nb6 21. Bf1 Kf7 22. Bc5 Be6 23. Rb2 Rhb8 24. Rd4 Rd8 25. Rdb4 Rd7 26. f4 g6 27. a4 Rb8 28. Bxb6 axb6 29. Rxb6 Ra8 30. Rxb7 Rxa4 31. Rxd7+ Bxd7 32. Rb7 Ke7 33. Bh3 Rd4 34. Kf2 Kd8 35. Ke3 c5 36. Bxd7 Rxd7 37. Rb6 Ke7 38. Rc6 Ra7 39. Rxc5 Kd6 40. Rc2 Ra3+ 41. Kf2 Ra4 42. Rd2+ Ke6 43. Ke3 Ra3+ 44. Rd3 Ra2 45. h4 h5 46. Rb3 Ra6 47. Kf3 Ra7 48. g4 hxg4+ 49. Kxg4 f5+ 50. Kg5 fxe4 51. Kxg6 Ra1 52. Rb5 Rg1+ 53. Kh5 Kf6 54. Re5 Rg8 55. Rg5 Re8 1/2-1/2

[Event "Schleswig Holstein-ch Seniors op 11th"]
[Site "Buesum"]
[Date "2017.09.10"]
[Round "3"]
[White "Leiber, Bernhard"]
[Black "Postler, Reinhard"]
[Result "1/2-1/2"]
[WhiteElo "2074"]
[BlackElo "2221"]
[PlyCount "47"]
[EventDate "2017.09.08"]
[EventType "swiss"]
[EventRounds "9"]
[EventCountry "GER"]
[SourceTitle "EXT 2019"]
[Source "ChessBase"]
[SourceDate "2018.10.10"]
[SourceVersion "1"]
[SourceVersionDate "2018.10.10"]
[SourceQuality "1"]

1. e4 c5 2. Nf3 e6 3. Nc3 a6 4. a4 d6 5. d4 cxd4 6. Nxd4 Nf6 7. Be2 Be7 8. 0-0 Bd7 9. f4 Nc6 10. Be3 0-0 11. Nb3 b6 12. Qd2 Qc7 13. Bf3 Bc8 14. Qf2 Nd7 15. Ne2 Rb8 16. Rfd1 Rd8 17. Nbd4 Bb7 18. Nxc6 Bxc6 19. Nd4 Bb7 20. Nb3 Bc6 21. Qe2 Qb7 22. Bf2 Nc5 23. Nxc5 dxc5 24. b3 1/2-1/2

[Event "Lueneburg op-A"]
[Site "Lueneburg"]
[Date "2017.07.14"]
[Round "7"]
[White "Bosselmann, Tom Linus"]
[Black "Leiber, Bernhard"]
[Result "0-1"]
[WhiteElo "1966"]
[BlackElo "2085"]
[PlyCount "86"]
[EventDate "2017.07.08"]
[EventType "swiss"]
[EventRounds "9"]
[EventCountry "GER"]
[SourceTitle "CBM 179 Extra"]
[Source "ChessBase"]
[SourceDate "2017.08.23"]
[SourceVersion "1"]
[SourceVersionDate "2017.08.23"]
[SourceQuality "1"]

1. e4 c6 2. d4 g6 3. Nc3 Bg7 4. Be3 d5 5. f3 dxe4 6. fxe4 e5 7. d5 Nf6 8. Be2 cxd5 9. exd5 0-0 10. Qd2 Ng4 11. Bxg4 Qh4+ 12. g3 Qxg4 13. Nge2 Rd8 14. 0-0-0 Nc6 15. h3 Qc4 16. Qd3 Qxd3 17. Rxd3 Nb4 18. Rd2 f6 19. a3 Na6 20. Nb5 b6 21. b4 Bd7 22. Nbc3 Rac8 23. g4 Rc4 24. d6 Kf7 25. Kb2 f5 26. Rf1 f4 27. Bg1 g5 28. Rdd1 Nb8 29. b5 Rdc8 30. Rd2 Be6 31. Rfd1 Nd7 32. a4 Bf6 33. Bf2 f3 34. Ng3 Rxc3 35. Ne4 R3c4 36. Nxf6 Kxf6 37. h4 h6 38. hxg5+ hxg5 39. Rh1 Kg6 40. Be3 Rxg4 41. Rdh2 Rg2 42. Rh6+ Kf5 43. Rc1 Bf7 0-1

[Event "Lueneburg op-A"]
[Site "Lueneburg"]
[Date "2016.07.04"]
[Round "5"]
[White "Leiber, Bernhard"]
[Black "Wunderlich, Matthias"]
[Result "1-0"]
[WhiteElo "2154"]
[BlackElo "1746"]
[PlyCount "79"]
[EventDate "2016.07.01"]
[EventType "swiss"]
[EventRounds "9"]
[EventCountry "GER"]
[SourceTitle "CBM 173 Extra"]
[Source "ChessBase"]
[SourceDate "2016.08.29"]
[SourceVersion "1"]
[SourceVersionDate "2016.08.29"]
[SourceQuality "1"]

1. e4 d5 2. exd5 Nf6 3. d4 Bg4 4. f3 Bf5 5. c4 e6 6. dxe6 Nc6 7. Be3 Bb4+ 8. Nc3 0-0 9. Nge2 Qe7 10. d5 Ne5 11. Nd4 fxe6 12. Be2 Nfd7 13. 0-0 Nb6 14. Nxf5 exf5 15. Bxb6 axb6 16. Qb3 Bc5+ 17. Kh1 Ng6 18. f4 Rfe8 19. g3 Rad8 20. Bf3 Qf6 21. Rae1 Re7 22. Rxe7 Qxe7 23. Qc2 Rf8 24. a3 Qe3 25. b4 Bd6 26. Nb5 Ne7 27. Qd1 Nc8 28. Re1 Qf2 29. Bg2 Qa2 30. Qc1 Kf7 31. c5 bxc5 32. bxc5 Be7 33. Nxc7 Qf2 34. d6 Nxd6 35. Bd5+ Kg6 36. cxd6 Bxd6 37. Re6+ Rf6 38. Rxf6+ Kxf6 39. Ne8+ Kg6 40. Nxd6 1-0

[Event "Lueneburg op-A"]
[Site "Lueneburg"]
[Date "2016.07.02"]
[Round "3"]
[White "Leiber, Bernhard"]
[Black "Frost, Peter"]
[Result "1/2-1/2"]
[WhiteElo "2154"]
[BlackElo "1907"]
[PlyCount "90"]
[EventDate "2016.07.01"]
[EventType "swiss"]
[EventRounds "9"]
[EventCountry "GER"]
[SourceTitle "CBM 173 Extra"]
[Source "ChessBase"]
[SourceDate "2016.08.29"]
[SourceVersion "1"]
[SourceVersionDate "2016.08.29"]
[SourceQuality "1"]

1. e4 e6 2. d4 d5 3. Nc3 Bb4 4. e5 b6 5. Bd2 Ba6 6. Bxa6 Nxa6 7. Qe2 Qc8 8. Nf3 Bf8 9. 0-0 Ne7 10. Nb5 Nb8 11. c4 a6 12. Nc3 c6 13. Rac1 Qd7 14. Rfd1 Nf5 15. Na4 Qb7 16. Rc2 b5 17. g4 Nh6 18. Bxh6 gxh6 19. Nc3 Rg8 20. h3 h5 21. Nh2 hxg4 22. hxg4 bxc4 23. b3 cxb3 24. Rb2 Qe7 25. Rxb3 h5 26. Na4 Nd7 27. Rdd3 hxg4 28. Rg3 f5 29. exf6 Nxf6 30. Nc5 Ne4 31. Nxe4 dxe4 32. Qxe4 Rc8 33. Nxg4 Rg5 34. Rbf3 Bg7 35. Ne3 Rxg3+ 36. Rxg3 Kd7 37. Nc4 Rb8 38. Qd3 Bf6 39. Ne5+ Bxe5 40. dxe5+ Kc7 41. Qxa6 Qh7 42. Qa5+ Kc8 43. Kg2 Qe4+ 44. Kh2 Qh4+ 45. Kg2 Qe4+ 1/2-1/2

[Event "Lueneburg op-A"]
[Site "Lueneburg"]
[Date "2016.07.02"]
[Round "2"]
[White "Lezynski, Florian"]
[Black "Leiber, Bernhard"]
[Result "1-0"]
[WhiteElo "1910"]
[BlackElo "2154"]
[PlyCount "47"]
[EventDate "2016.07.01"]
[EventType "swiss"]
[EventRounds "9"]
[EventCountry "GER"]
[SourceTitle "CBM 173 Extra"]
[Source "ChessBase"]
[SourceDate "2016.08.29"]
[SourceVersion "1"]
[SourceVersionDate "2016.08.29"]
[SourceQuality "1"]

1. e4 c5 2. Nf3 a6 3. c4 Nc6 4. Nc3 g6 5. d4 cxd4 6. Nxd4 Bg7 7. Be3 d6 8. Be2 Nf6 9. 0-0 0-0 10. Rc1 Bd7 11. a3 Nxd4 12. Bxd4 b5 13. Nd5 e5 14. Bb6 Qb8 15. Bc7 Qb7 16. Bxd6 Nxd5 17. Bxf8 Ne3 18. fxe3 Rxf8 19. cxb5 axb5 20. Qd5 Qa7 21. Rc3 Be6 22. Qc5 Qa4 23. b4 Rc8 24. Qxb5 1-0

[Event "GER-chA Seniors 27th"]
[Site "Magdeburg"]
[Date "2015.08.23"]
[Round "9"]
[White "Leiber, Bernhard"]
[Black "Steingrobe, Udo"]
[Result "1-0"]
[WhiteElo "2210"]
[BlackElo "1864"]
[PlyCount "57"]
[EventDate "2015.08.15"]
[EventType "swiss"]
[EventRounds "9"]
[EventCountry "GER"]
[SourceTitle "EXT 2018"]
[Source "ChessBase"]
[SourceDate "2017.10.13"]
[SourceVersion "1"]
[SourceVersionDate "2017.10.13"]
[SourceQuality "1"]

1. Nf3 e6 2. g3 Nf6 3. Bg2 d5 4. d3 c5 5. Nbd2 Nc6 6. 0-0 Be7 7. c3 0-0 8. e4 b5 9. Re1 Bb7 10. e5 Nd7 11. d4 Qb6 12. Nf1 cxd4 13. cxd4 Rac8 14. Re2 Ba6 15. Be3 Na5 16. b3 Ba3 17. Rb1 Bb4 18. h4 f5 19. exf6 gxf6 20. Bh6 Rf7 21. Bh3 Bf8 22. Rxe6 Qb7 23. Bxf8 Kxf8 24. Ne3 Rc3 25. Qe2 Qc8 26. Nf5 Ne5 27. Ne3 Nxf3+ 28. Qxf3 Qd8 29. Rxa6 1-0

[Event "GER-chA Seniors 27th"]
[Site "Magdeburg"]
[Date "2015.08.15"]
[Round "1"]
[White "Leiber, Bernhard"]
[Black "Limberg, Siegfried"]
[Result "0-1"]
[WhiteElo "2210"]
[BlackElo "1999"]
[PlyCount "88"]
[EventDate "2015.08.15"]
[EventType "swiss"]
[EventRounds "9"]
[EventCountry "GER"]
[SourceTitle "EXT 2018"]
[Source "ChessBase"]
[SourceDate "2017.10.13"]
[SourceVersion "1"]
[SourceVersionDate "2017.10.13"]
[SourceQuality "1"]

1. Nf3 d5 2. c4 e6 3. g3 Nf6 4. Bg2 Be7 5. 0-0 0-0 6. b3 c6 7. Bb2 Nbd7 8. d3 b6 9. Nbd2 Bb7 10. cxd5 cxd5 11. Nd4 Rc8 12. N2f3 Qc7 13. Qd2 Qb8 14. b4 a6 15. a4 Rfe8 16. Rfb1 Nf8 17. a5 b5 18. Nb3 N6d7 19. Re1 Ng6 20. d4 Bf6 21. Nc5 Nxc5 22. dxc5 e5 23. Rac1 Bc6 24. Red1 Qb7 25. h4 e4 26. Nd4 Bxd4 27. Bxd4 Ne5 28. Qc3 f6 29. Bh3 Rcd8 30. Be3 Qf7 31. Bf4 Qh5 32. Bf1 h6 33. Rd4 g5 34. hxg5 Ng4 35. Bg2 fxg5 36. Bd6 Rd7 37. f3 Qh2+ 38. Kf1 exf3 39. Qxf3 Ne3+ 40. Kf2 Rf7 41. Bf4 gxf4 42. gxf4 Qxg2+ 43. Qxg2+ Nxg2 44. Rg1 Rg7 0-1

[Event "GER-chA Seniors 26th"]
[Site "Bad Neuenahr"]
[Date "2014.08.12"]
[Round "8"]
[White "Leiber, Bernhard"]
[Black "Boidman, Yuri"]
[Result "0-1"]
[WhiteElo "2198"]
[BlackElo "2336"]
[PlyCount "46"]
[EventDate "2014.08.05"]
[EventType "swiss"]
[EventRounds "9"]
[EventCountry "GER"]
[SourceTitle "EXT 2018"]
[Source "ChessBase"]
[SourceDate "2017.10.13"]
[SourceVersion "1"]
[SourceVersionDate "2017.10.13"]
[SourceQuality "1"]

1. d4 d5 2. Nf3 Nf6 3. c4 c6 4. e3 e6 5. Nc3 Nbd7 6. Bd3 dxc4 7. Bxc4 b5 8. Bd3 a6 9. 0-0 c5 10. e4 cxd4 11. Nxd4 Nc5 12. Bc2 b4 13. e5 bxc3 14. exf6 gxf6 15. bxc3 Bb7 16. Qe2 Qd5 17. f3 Qe5 18. Qf2 Bd6 19. Qh4 0-0-0 20. Re1 Qd5 21. Qxf6 Rhg8 22. Nb3 Qh5 23. h4 Nd7 0-1

[Event "GER-chA Seniors 26th"]
[Site "Bad Neuenahr"]
[Date "2014.08.08"]
[Round "4"]
[White "Leiber, Bernhard"]
[Black "Krueger, Erich"]
[Result "1/2-1/2"]
[WhiteElo "2198"]
[BlackElo "2152"]
[PlyCount "82"]
[EventDate "2014.08.05"]
[EventType "swiss"]
[EventRounds "9"]
[EventCountry "GER"]
[SourceTitle "EXT 2018"]
[Source "ChessBase"]
[SourceDate "2017.10.13"]
[SourceVersion "1"]
[SourceVersionDate "2017.10.13"]
[SourceQuality "1"]

1. d4 Nf6 2. c4 g6 3. Nf3 Bg7 4. g3 0-0 5. Bg2 d6 6. 0-0 c6 7. Nc3 Qa5 8. h3 Be6 9. Qd3 Qa6 10. b3 d5 11. Nd2 Rd8 12. Bb2 Nbd7 13. Qc2 dxc4 14. e4 Nb6 15. Nf3 Qa5 16. Ne2 cxb3 17. axb3 Qb4 18. Ra3 Ne8 19. Rfa1 Nc7 20. Nf4 Nb5 21. Nxe6 fxe6 22. e5 Nxa3 23. Bxa3 Qa5 24. h4 Bh6 25. Ra2 Nd5 26. Bxe7 Qxa2 27. Qxa2 Nxe7 28. Bh3 Nf5 29. h5 Nxd4 30. Nxd4 Rxd4 31. hxg6 Rd1+ 32. Kg2 Rd2 33. Bxe6+ Kg7 34. Qa4 Rf8 35. Bf7 Be3 36. e6 hxg6 37. Kf3 Bc5 38. Qa1+ Bd4 39. Qb1 Rxf2+ 40. Kg4 R2xf7 41. exf7 Rxf7 1/2-1/2

[Event "GER-chA Seniors 26th"]
[Site "Bad Neuenahr"]
[Date "2014.08.07"]
[Round "3"]
[White "Ljubarskij, Jurij"]
[Black "Leiber, Bernhard"]
[Result "1/2-1/2"]
[WhiteElo "2285"]
[BlackElo "2198"]
[PlyCount "133"]
[EventDate "2014.08.05"]
[EventType "swiss"]
[EventRounds "9"]
[EventCountry "GER"]
[SourceTitle "EXT 2018"]
[Source "ChessBase"]
[SourceDate "2017.10.13"]
[SourceVersion "1"]
[SourceVersionDate "2017.10.13"]
[SourceQuality "1"]

1. e4 c5 2. Nf3 Nc6 3. d4 cxd4 4. Nxd4 Nf6 5. Nc3 d6 6. Be2 e5 7. Nf3 Be7 8. 0-0 0-0 9. h3 Be6 10. Bg5 h6 11. Bxf6 Bxf6 12. Nd5 Bg5 13. Nxg5 Qxg5 14. Bg4 Rad8 15. Kh1 Rd7 16. c3 Qg6 17. Qe2 Ne7 18. Bxe6 fxe6 19. Nxe7+ Rxe7 20. Rad1 Rd8 21. c4 Red7 22. Rd3 Qf6 23. Rfd1 b6 24. b4 Qf7 25. Qd2 Kh8 26. f3 Qe7 27. a4 a6 28. Qe3 b5 29. axb5 axb5 30. cxb5 Rb7 31. b6 Qd7 32. Rxd6 Qxd6 33. Rxd6 Rxd6 34. Qc5 Rdxb6 35. Qxe5 Kg8 36. f4 Kf7 37. f5 exf5 38. exf5 Kg8 39. Kh2 Kh7 40. Qe8 Rb8 41. Qh5 Rf6 42. Qg4 Rb5 43. Qe4 Rb8 44. g4 Kh8 45. Qf4 Rb5 46. Qe4 Rb8 47. Qf4 Rb5 48. Qd2 Kh7 49. Kg3 Rb8 50. Kh4 Rfb6 51. Qd3 Kh8 52. Kh5 Rb5 53. h4 Rxb4 54. g5 R4b6 55. f6 hxg5 56. hxg5 gxf6 57. g6 Rb2 58. Qd6 R2b7 59. Qxf6+ Kg8 60. Kh6 Re8 61. Qd6 Rbe7 62. Qd5+ Re6 63. Qb7 R6e7 64. Qb3+ Re6 65. Kg5 Kg7 66. Qc3+ Re5+ 67. Kf4 1/2-1/2

[Event "EU-ch 14th"]
[Site "Legnica"]
[Date "2013.05.16"]
[Round "11"]
[White "Leiber, Bernhard"]
[Black "Gebigke, Martin"]
[Result "0-1"]
[WhiteElo "2209"]
[BlackElo "2158"]
[PlyCount "126"]
[EventDate "2013.05.05"]
[EventType "swiss"]
[EventRounds "11"]
[EventCountry "POL"]
[SourceTitle "CBM 155"]
[Source "ChessBase"]
[SourceDate "2013.07.16"]
[SourceVersion "1"]
[SourceVersionDate "2013.07.16"]
[SourceQuality "1"]

1. d4 Nf6 2. Nf3 e6 3. g3 b6 4. Bg2 Bb7 5. 0-0 Be7 6. c4 0-0 7. Nc3 Ne4 8. Qc2 f5 9. a3 Nxc3 10. Qxc3 Bf6 11. Rd1 Nc6 12. Qc2 Ne7 13. Ne5 Bxg2 14. Kxg2 d6 15. Be3 Qe8 16. Nf3 e5 17. b4 e4 18. Ng5 Qd7 19. Rac1 h6 20. Nh3 g5 21. f4 exf3+ 22. exf3 f4 23. Bf2 fxg3 24. Bxg3 Nf5 25. Bf2 Rae8 26. Ng1 Re3 27. d5 Rxa3 28. Re1 Be5 29. b5 Qf7 30. Qe4 Ra2 31. Re2 Ra3 32. Rcc2 a5 33. bxa6 Rxa6 34. Ra2 Rfa8 35. Qb1 Ra5 36. Rxa5 Rxa5 37. Ra2 Rxa2 38. Qxa2 Kg7 39. Qe2 Qf6 40. Qe4 Qg6 41. Ne2 Kf7 42. Kg1 Qf6 43. h3 Qg6 44. Kf1 Ne7 45. Qg4 Ke8 46. Be3 Nf5 47. Bd2 Qf7 48. Qe4 Kd8 49. Kg1 Nh4 50. f4 gxf4 51. Bxf4 Qf6 52. Kh1 Bxf4 53. Nxf4 Qa1+ 54. Kh2 Qe5 55. Qxe5 Nf3+ 56. Kg3 Nxe5 57. Kh4 Nxc4 58. Kh5 b5 59. Kxh6 b4 60. Kg7 b3 61. Nd3 Ne3 62. Kg6 Nxd5 63. h4 Nf4+ 0-1

[Event "EU-ch 14th"]
[Site "Legnica"]
[Date "2013.05.10"]
[Round "6"]
[White "Guzewicz, Rafal"]
[Black "Leiber, Bernhard"]
[Result "0-1"]
[WhiteElo "1942"]
[BlackElo "2209"]
[PlyCount "114"]
[EventDate "2013.05.05"]
[EventType "swiss"]
[EventRounds "11"]
[EventCountry "POL"]
[SourceTitle "CBM 155"]
[Source "ChessBase"]
[SourceDate "2013.07.16"]
[SourceVersion "1"]
[SourceVersionDate "2013.07.16"]
[SourceQuality "1"]

1. d4 Nf6 2. Bf4 d6 3. e3 g6 4. h3 Bg7 5. Nf3 0-0 6. Be2 Nbd7 7. 0-0 Nh5 8. Bg5 h6 9. Bh4 g5 10. Nfd2 gxh4 11. Bxh5 e5 12. c3 Qg5 13. Ne4 Qe7 14. Ned2 f5 15. dxe5 Nxe5 16. Nf3 Be6 17. Nbd2 c5 18. Qa4 Bf6 19. Nxe5 Bxe5 20. Nf3 Bf6 21. Rad1 Kh7 22. Qf4 Rad8 23. e4 Bg5 24. Nxg5+ hxg5 25. Qe3 Bxa2 26. exf5 Qxe3 27. fxe3 Bc4 28. Rf2 Kg7 29. Kh2 a5 30. g3 Kf6 31. gxh4 gxh4 32. Rf4 Bb3 33. Rg1 Ke5 34. Rg5 Rf6 35. Bg6 Rh8 36. Rgg4 Bc2 37. e4 b5 38. Kg1 b4 39. Kf2 a4 40. Ke3 b3 41. Rf2 c4 42. Rxc2 bxc2 43. Kd2 Rff8 44. Kxc2 Rfg8 45. Kc1 Rg7 46. Rg2 Rc8 47. Rd2 Rc5 48. Rf2 Kxe4 49. f6+ Rxg6 50. f7 Rc8 51. f8Q Rxf8 52. Rxf8 Rg3 53. Ra8 Rxh3 54. Rxa4 d5 55. Ra8 Rg3 56. Rh8 h3 57. Kd1 Ke3 0-1

[Event "EU-ch 14th"]
[Site "Legnica"]
[Date "2013.05.08"]
[Round "4"]
[White "Bulmaga, Irina"]
[Black "Leiber, Bernhard"]
[Result "1-0"]
[WhiteElo "2393"]
[BlackElo "2209"]
[PlyCount "81"]
[EventDate "2013.05.05"]
[EventType "swiss"]
[EventRounds "11"]
[EventCountry "POL"]
[SourceTitle "CBM 155"]
[Source "ChessBase"]
[SourceDate "2013.07.16"]
[SourceVersion "1"]
[SourceVersionDate "2013.07.16"]
[SourceQuality "1"]

1. e4 d6 2. d4 Nf6 3. Bd3 e5 4. c3 Nc6 5. Nf3 Be7 6. 0-0 0-0 7. Nbd2 Bg4 8. h3 Bh5 9. d5 Nb8 10. c4 Nbd7 11. Re1 Nc5 12. Bc2 a5 13. Nf1 Bg6 14. Ng3 Nfd7 15. b3 c6 16. Be3 cxd5 17. cxd5 b5 18. a3 b4 19. axb4 axb4 20. Qd2 Qb6 21. Qe2 Qb7 22. h4 h6 23. h5 Bh7 24. Nd2 Rfc8 25. Nc4 Qc7 26. Bd2 Qb7 27. Na5 Qb6 28. Nc6 Bf6 29. Nxb4 Bg5 30. Nc6 Kf8 31. Bxg5 hxg5 32. b4 Na6 33. Reb1 Nf6 34. Bd3 Nc7 35. b5 Rxa1 36. Rxa1 Ra8 37. Rxa8+ Nxa8 38. Qa2 Nc7 39. Qa3 Nfe8 40. Nxe5 Qd4 41. Nc6 1-0